Łańcuch kliknięć #2 - Statystyki

Ogólne statystyki
  • Ten quiz został rozwiązany 489 razy
  • Średni wynik to 16 z 30
Statystyki odpowiedzi
Hint Odpowiedź % Poprawnych
… która zakończyła się w: 1918 roku
97%
… którego bratankiem był: Franciszek Ferdynand
97%
Najdłużej panującym cesarzem Austro-Węgier był:
Cesarz Franciszek Józef
95%
… którego śmierć zapoczątkowała: I wojnę światową
94%
… która dołączyła do Kanady w: 1949 roku
70%
… który został wyreżyserowany przez: Jamesa Camerona
65%
… który zarobił w kinach mniej niż: Avatar
57%
… który opisuje ustrój rządów dynastii: Habsburgów
57%
… który jest rokiem urodzenia: George’a Foremana
53%
… co było początkiem: Hiszpanki
53%
… która zaczyna się na tę samą literę co: Zimbabwe
53%
… który został zniesiony pod przywództwem: Mandeli
52%
… które jest północnym sąsiadem: Republiki Południowej Afryki
52%
… który stworzył także: Titanica
52%
… w której istniał system segregacji zwany: Apartheidem
51%
… który zatonął u wybrzeży: Nowej Fundlandii
51%
… która kiedyś była znana jako: Zair
51%
… co jest slangowym określeniem kilku: Funtów
49%
… które są jednostką miary w systemie: Imperialnym
47%
… która odbyła się w mieście: Kinszasa
47%
… które leżą w obrębie: Pacyficznego Pierścienia Ognia
45%
… z którymi w ojczyźnie bawią się jelenie na: Stepie
45%
… który w 1995 roku kibicował: Springboksom
44%
… która zaraziła, ale nie zabiła: Walta Disneya
44%
… którego firma wyprodukowała: Avengers: Koniec gry
43%
… która jest stolicą: Demokratycznej Republiki Konga
41%
… którego największą walką była: Bójki w dżungli
38%
… z których najdłuższym na kontynencie jest: Andy
34%
… które są rodzajem: Antylopy
31%
… który był hitem z pierwszej dwudziestki dla: Casha
30%
Nie znaleziono quizów pasujących do podanych kryteriów
Rozkład punktacji
Procent ludzi z każdym wynikiem
Percentyl według liczby udzielonych odpowiedzi
Twoja historia wyników
Nie rozwiązałeś tego quizu